Правда ли это? 5 - Statistics

General Stats
  • This quiz has been taken 9 times
  • The average score is 18 of 30
Answer Stats
Question Answer % Correct
Одного из датских подданных в средневековье короновали, когда тому было всего 5 лет Да
100%
В Европе существует жилой дом, стоящий буквально на границе двух государств Да
100%
Ни в одном государстве мира на данный момент пока что нет криптовалюты как национальной валюты Нет, есть государства, где их уже используют
88%
Физик Христиан Гюйгенс верил в существование внеземных цивилизаций Да
88%
Мультфильмы Disney прокатывали в том числе и в нацистской Германии Да
88%
В среде профессиональных грибников средней полосы наиболее ценным считается груздь Да
88%
Одно из известнейших матерных слов в русском языке стало таковым при императрице Анне Иоанновне Да
75%
В операционных системах семейства Windows нельзя создать папку с определённой последовательностью буквенных символов в её названии Да, нельзя
75%
С точки зрения квантовой электродинамики серого цвета не существует в природе Да, не существует
75%
Гольф как игра появился из необходимости бороться с полевыми грызунами Нет
75%
Клейстер не рекомендуется готовить в домашних условиях Нет, он вполне пригоден для кустарного производства
75%
Царскую водку ни в коем случае нельзя употреблять внутрь Да, нельзя
75%
Первый в истории массовый VR-шлем провалился в продаже из-за вреда для зрения пользователей Да
75%
Первым товаром в истории, купленным за криптовалюту, была пицца Да
63%
Самой первой видеоигрой в истории был аналог игры "Крестики-нолики" Да
63%
Первая в мире социальная сеть появилась в середине 1990-х Да
63%
Изначально для приготовления кетчупа вообще не использовали томатов Да, не использовали
63%
Вирусы представляют собой часть чужого генетического когда, который неправильно обрабатывается другим организмом Нет, не совсем
63%
Первый зарегистрированный случай рождения сиамских близнецов был зафиксирован не в Таиланде Да, не в Таиланде
50%
Мопсы изначально создавались как охотничья порода собак Нет
50%
Чарлз Дарвин всю жизнь был правоверным протестантом Нет
38%
Авраам Линкольн в своей адвокатской практике защищал в суде отца своего будущего убийцы Нет
38%
В Российской империи православные священники благословляли в том числе и дома терпимости Нет
38%
Плодово-ягодные вина обычно гораздо крепче обычных Нет
38%
Лондонский Тауэр несколько раз полностью перестраивали Нет
38%
Вольфганг Амадей Моцарт по рекомендации врача вёл подробный дневник своей половой жизни Нет
38%
Боб Марли однажды выступал на сцене с оркестром Нет
25%
Пистолет "Desert Eagle" использует снаряды нестандартного для любого другого огнестрельного оружия калибра Нет
25%
Практически до конца жизни своего создателя пулемёт Гатлинга не пользовался популярностью на оружейном рынке США Нет, он был весьма востребован
13%
Демократическая партия США пыталась инициировать процедуру импичмента президента Джорджа Буша-младшего из-за вторжения в Ирак Нет
13%
No matching quizzes found
Score Distribution
Percent of People with Each Score
Percentile by Number Answered
Your Score History
You have not taken this quiz